Catálogo público

Propuesta para el establecimiento de una planta envasadora de miel y subproductos Tzucacab, Yucatán / (Record no. 176308)

MARC details
000 -CABECERA
campo de control de longitud fija 03007nam a2200481Ia 4500
001 - NÚMERO DE CONTROL
campo de control dia_5389
003 - IDENTIFICADOR DEL NÚMERO DE CONTROL
campo de control CHAP
005 - FECHA Y HORA DE LA ÚLTIMA TRANSACCIÓN
campo de control 20240415101103.0
007 - CAMPO FIJO DE DESCRIPCIÓN FÍSICA--INFORMACIÓN GENERAL
campo de control de longitud fija ta
008 - DATOS DE LONGITUD FIJA--INFORMACIÓN GENERAL
campo de control de longitud fija 220117s2013 mx bdeof 001 0 spa d
040 ## - FUENTE DE LA CATALOGACIÓN
Centro catalogador/agencia de origen mxchpua
Centro/agencia transcriptor CHAP
090 ## - LOCALMENTE ASIGNADO TIPO-LC NÚMERO DE CLASIFICACIÓN (OCLC); NÚMERO DE CLASIFICACIÓN LOCAL (RLIN)
Número de clasificación (OCLC) (R) ; Numero de clasificación, CALL (RLIN) (NR) T.C.620
Número cutter local (OCLC) ; Número de libro/Signatura topográfica íntegra, CALL (RLIN) C68 EIUPA
Año 2013
245 10 - MENCIÓN DE TÍTULO
Título Propuesta para el establecimiento de una planta envasadora de miel y subproductos Tzucacab, Yucatán /
Mención de responsabilidad, etc. coordinadores Ignacio Covarrubias Gutiérrez y Vicente López Bautista ; colaboradores Yareli Benítez Guzmán...[y otros]
260 ## - PUBLICACIÓN, DISTRIBUCIÓN, ETC.
Lugar de publicación, distribución, etc. México :
Nombre del editor, distribuidor, etc. El autor,
Fecha de publicación, distribución, etc. 2013
300 ## - DESCRIPCIÓN FÍSICA
Extensión iv, 54 hojas :
Otras características físicas ilustraciones, diagramas, tablas, gráficas, mapas, planos, fotos
336 ## - TIPO DE CONTENIDO
Fuente rdacontent
Término de tipo de contenido texto
Código de tipo de contenido txt
337 ## - TIPO DE MEDIO
Fuente rdamedia
Nombre/término del tipo de medio no mediado
Código del tipo de medio n
338 ## - TIPO DE SOPORTE
Fuente rdacarrier
Nombre/término del tipo de soporte volumen
Código del tipo de soporte nc
500 ## - NOTA GENERAL
Nota general Grado: 7° año Grupo: 02
502 ## - NOTA DE TESIS
Nota de tesis Viaje de estudios
Tipo de título (EIUPA) --
Nombre de la institución que otorga el título UACh. Departamento de Ingeniería Agroindustrial,
Año de obtención del título 2013
504 ## - NOTA DE BIBLIOGRAFÍA, ETC.
Nota de bibliografía, etc. Bibliografía: hoja 54
505 00 - NOTA DE CONTENIDO CON FORMATO
Nota de contenido con formato Contiene 8 planos: --<br/>1.Plano de distribución de áreas (Esc. 1:75) --<br/>2. Plano de distribución de maquinaria y equipo (Esc. 1:75) --<br/>3. Plano de corte de planta y oficina (Esc. 1:75) --<br/>4. Plano de fachada y oficina (Esc. 1:75) --<br/>5. Isométrico de gas y agua (Esc. 1:75) --<br/>6. Plano de iluminación (Esc. 1:75) --<br/>7. Plano de motores eléctricos (Esc. 1:75) --<br/>8. Diagrama de flujo de miel
650 13 - PUNTO DE ACCESO ADICIONAL DE MATERIA--TÉRMINO DE MATERIA
Término de materia o nombre geográfico como elemento de entrada Miel de abejas
9 (RLIN) 158470
Subdivisión geográfica México
-- Yucatán
650 13 - PUNTO DE ACCESO ADICIONAL DE MATERIA--TÉRMINO DE MATERIA
Término de materia o nombre geográfico como elemento de entrada Honey
9 (RLIN) 158469
Subdivisión geográfica Mexico
-- Yucatán
700 1# - PUNTO DE ACCESO ADICIONAL--NOMBRE DE PERSONA
Nombre de persona Covarrubias Gutiérrez, Ignacio
9 (RLIN) 28697
Término indicativo de función/relación coordinador
700 1# - PUNTO DE ACCESO ADICIONAL--NOMBRE DE PERSONA
Nombre de persona López Bautista, Vicente
9 (RLIN) 147030
Término indicativo de función/relación coordinador
700 1# - PUNTO DE ACCESO ADICIONAL--NOMBRE DE PERSONA
Nombre de persona Benítez Guzmán, Yareli
9 (RLIN) 133218
Término indicativo de función/relación colaboradora
856 42 - LOCALIZACIÓN Y ACCESO ELECTRÓNICOS
Identificador Uniforme del Recurso <a href="http://10.13.5.2/ve/TC620EIUPA/TC620EIUPA2013-REPORTE.pdf">http://10.13.5.2/ve/TC620EIUPA/TC620EIUPA2013-REPORTE.pdf</a>
Texto de enlace DESCARGAR REPORTE
856 42 - LOCALIZACIÓN Y ACCESO ELECTRÓNICOS
Identificador Uniforme del Recurso <a href="http://10.13.5.2/ve/TC620EIUPA/TC620EIUPA2013-PLANO-FACHADADEMIEL.pdf">http://10.13.5.2/ve/TC620EIUPA/TC620EIUPA2013-PLANO-FACHADADEMIEL.pdf</a>
Texto de enlace DESCARGAR PLANO FACHADA DE MIEL
856 42 - LOCALIZACIÓN Y ACCESO ELECTRÓNICOS
Identificador Uniforme del Recurso <a href="http://10.13.5.2/ve/TC620EIUPA/TC620EIUPA2013-PLANO-DISTRIBUCIONDEAREADEMIEL.pdf">http://10.13.5.2/ve/TC620EIUPA/TC620EIUPA2013-PLANO-DISTRIBUCIONDEAREADEMIEL.pdf</a>
Texto de enlace DESCARGAR PLANO DE DISTRIBUCIÓN DE ÁREAS DE MIEL
856 42 - LOCALIZACIÓN Y ACCESO ELECTRÓNICOS
Identificador Uniforme del Recurso <a href="http://10.13.5.2/ve/TC620EIUPA/TC620EIUPA2013-PLANO-CORTEDEMIEL.pdf">http://10.13.5.2/ve/TC620EIUPA/TC620EIUPA2013-PLANO-CORTEDEMIEL.pdf</a>
Texto de enlace DESCARGAR PLANO DE CORTE DE MIEL
856 42 - LOCALIZACIÓN Y ACCESO ELECTRÓNICOS
Identificador Uniforme del Recurso <a href="http://10.13.5.2/ve/TC620EIUPA/TC620EIUPA2013-PLANO-ISOMETRICOENVASADORADEMIEL.2007DWG.pdf">http://10.13.5.2/ve/TC620EIUPA/TC620EIUPA2013-PLANO-ISOMETRICOENVASADORADEMIEL.2007DWG.pdf</a>
Texto de enlace DESCARGAR PLANO ISIMETRICO EN ENVASADO DE MIEL
856 42 - LOCALIZACIÓN Y ACCESO ELECTRÓNICOS
Identificador Uniforme del Recurso <a href="http://10.13.5.2/ve/TC620EIUPA/TC620EIUPA2013-PLANO-DIAGRAMADEFLUJODEMIEL.pdf">http://10.13.5.2/ve/TC620EIUPA/TC620EIUPA2013-PLANO-DIAGRAMADEFLUJODEMIEL.pdf</a>
Texto de enlace DESCARGAR PLANO DE DIAGRAMA DE FLUJO E MIEL
856 42 - LOCALIZACIÓN Y ACCESO ELECTRÓNICOS
Identificador Uniforme del Recurso <a href="http://10.13.5.2/ve/TC620EIUPA/TC620EIUPA2013-PLANO-ILUMINACION.pdf">http://10.13.5.2/ve/TC620EIUPA/TC620EIUPA2013-PLANO-ILUMINACION.pdf</a>
Texto de enlace DESCARGAR PLANO DE ILUMINACIÓN
856 42 - LOCALIZACIÓN Y ACCESO ELECTRÓNICOS
Identificador Uniforme del Recurso <a href="http://10.13.5.2/ve/TC620EIUPA/TC620EIUPA2013-PLANO-DISTRIBUCIONDEEQUIPO.pdf">http://10.13.5.2/ve/TC620EIUPA/TC620EIUPA2013-PLANO-DISTRIBUCIONDEEQUIPO.pdf</a>
Texto de enlace DESCARGAR PLANO DE DISTRIBUCIÓN DE EQUIPO
856 42 - LOCALIZACIÓN Y ACCESO ELECTRÓNICOS
Identificador Uniforme del Recurso <a href="http://10.13.5.2/ve/TC620EIUPA/TC620EIUPA2013-PLANO-MOTORES.pdf">http://10.13.5.2/ve/TC620EIUPA/TC620EIUPA2013-PLANO-MOTORES.pdf</a>
Texto de enlace DESCARGAR PLANO DE MOTORES
942 ## - ELEMENTOS DE PUNTO DE ACCESO ADICIONAL (KOHA)
Fuente del sistema de clasificación o colocación Clasificación Universidad Autónoma de Chapingo
901 ## - ELEMENTOS DE DATOS A LOCAL LDA (RLIN)
a T.C.620 C68 EIUPA 2013
902 ## - ELEMENTOS DE DATOS B LOCAL, LDB (RLIN)
a M
905 ## - ELEMENTOS DE DATOS E LOCAL, LDE (RLIN)
a 5232272013 mx eadl8223223322spa16
942 ## - ELEMENTOS DE PUNTO DE ACCESO ADICIONAL (KOHA)
Tipo de ítem Koha Viaje de Estudios
Holdings
Estado de retiro Estado de pérdida Fuente del sistema de clasificación o colocación Estado dañado Restricciones de uso No para préstamo Código de colección Localización permanente Ubicación/localización actual Fecha de adquisición Fuente de adquisición Total de préstamos Signatura topográfica completa Código de barras Fecha visto por última vez Número de copia Precio válido a partir de Tipo de ítem Koha Fecha del último préstamo Ubicación en estantería
    Clasificación Universidad Autónoma de Chapingo   Préstamo interno   Viajes de Estudio Ingenieria Agroindustrial Ingenieria Agroindustrial 18/01/2022 El autor   T.C.620 C68 EIUPA 2013 1106007853 18/01/2022 Ej.4 18/01/2022 CD    
    Clasificación Universidad Autónoma de Chapingo   Préstamo interno   Viajes de Estudio Ingenieria Agroindustrial Ingenieria Agroindustrial 18/01/2022 El autor 1 T.C.620 C68 EIUPA 2013 1106007850 26/01/2026 Ej.1 18/01/2022 Viaje de Estudios 02/09/2022  
    Clasificación Universidad Autónoma de Chapingo   Préstamo 5 días   Viajes de Estudio Ingenieria Agroindustrial Ingenieria Agroindustrial 18/01/2022 El autor 2 T.C.620 C68 EIUPA 2013 1106007851 26/01/2026 Ej.2 18/01/2022 Viaje de Estudios 18/04/2024  
    Clasificación Universidad Autónoma de Chapingo   Préstamo interno   Viajes de Estudio Ingenieria Agroindustrial Ingenieria Agroindustrial 18/01/2022 El autor   T.C.620 C68 EIUPA 2013 1106007852 18/01/2022 Ej.3 18/01/2022 CD    
    Clasificación Universidad Autónoma de Chapingo       Viajes de estudio - En línea Ingenieria Agroindustrial Ingenieria Agroindustrial 18/01/2022 El autor   T.C.620 C68 EIUPA 2013 1206007850 15/04/2024   15/04/2024 Viajes de Estudio - En línea   En línea